000
00296nam a2200109Ia 4500
008
220204s9999 xx 000 0 und d
082
_a
338.26(540)FOU
_b
FOU
245
0
_a
Fourth five year plan 1969-74
260
_a
Delhi
_b
Planning commission
_c
1969
650
_a
Fourth five year plan
942
_c
BK
999
_c
20739
_d
20739